[Event "4th ch-Asia"]
[Site "Doha QAT"]
[Date "2003.03.01"]
[Round "8"]
[White "Zagrebelny, S."]
[Black "Villamayor, B."]
[Result "1-0"]
[WhiteElo "2540"]
[BlackElo "2489"]
[PlyCount "69"]
[EventDate "2003.02.22"]
[SourceDate "2003.03.03"]

1. e4 e6 2. d4 d5 3. Nd2 c5 4. Ngf3 cxd4 5. Nxd4 Nf6 6. exd5 Nxd5 7. N2f3 Bb4+
8. Bd2 Bxd2+ 9. Qxd2 O-O 10. c4 Nb6 11. O-O-O Qf6 12. Qe3 Bd7 13. Ne5 Rc8 14.
Kb1 Be8 15. Be2 N8d7 16. Ndf3 Qe7 17. Nxd7 Bxd7 18. b3 f6 19. Nd4 e5 20. Bf3
Rc7 21. Rd2 Re8 22. Nc2 f5 23. Rhd1 f4 24. Qc3 e4 25. Bh5 Rf8 26. Re1 Bf5 27.
Ka1 e3 28. fxe3 Bxc2 29. Rxc2 Nd5 30. Qb2 Nxe3 31. Rce2 Qh4 32. Bf3 Qxh2 33.
Qe5 Qh4 34. Qxc7 Qf6+ 35. Kb1 1-0

[Event "4th ch-Asia"]
[Site "Doha QAT"]
[Date "2003.03.01"]
[Round "8"]
[White "Sadykov, R."]
[Black "Dzhumaev, M."]
[Result "1-0"]
[WhiteElo "2412"]
[BlackElo "2507"]
[PlyCount "207"]
[EventDate "2003.02.22"]
[SourceDate "2003.03.03"]

1. e4 g6 2. d4 Bg7 3. Nc3 c6 4. Bc4 d6 5. Qf3 e6 6. Nge2 Nd7 7. O-O Ngf6 8. Bb3
O-O 9. Bg5 h6 10. Bh4 e5 11. Rad1 Qe7 12. Qe3 Kh7 13. f4 exf4 14. Qxf4 g5 15.
Qf5+ Kh8 16. Bg3 Nb6 17. Qa5 Bg4 18. e5 dxe5 19. Bxe5 Nbd7 20. Qc7 Qe8 21. Rd2
Rd8 22. Rd3 c5 23. Re3 Nxe5 24. dxe5 Nd7 25. Bxf7 Bxe5 26. Bxe8 Bxc7 27. Rxf8+
Nxf8 28. Bf7 Rd2 29. h3 Bd7 30. Be8 Be6 31. Bg6 c4 32. Kf1 Bb6 33. Re5 Kg7 34.
Be4 Rd7 35. Bd5 Rf7+ 36. Ke1 Bf2+ 37. Kd2 Rd7 38. Kc1 Kf6 39. Bxe6 Kxe5 40.
Bxd7 Nxd7 41. Kd2 Nf6 42. b3 Kd6 43. bxc4 a6 44. Kd3 Ke5 45. Nd1 Ba7 46. Ndc3
h5 47. Nd5 Ne4 48. Ndc3 Nc5+ 49. Kd2 Ne6 50. Kd3 Nc5+ 51. Kd2 Bb6 52. Nd5 Ba7
53. Ndc3 Bb8 54. Ke3 Ba7 55. Kd2 Bb6 56. Nd5 Ba5+ 57. Ke3 Na4 58. Nc1 Kd6 59.
Nd3 Bc3 60. Ke4 Bh8 61. Kf5 b5 62. cxb5 axb5 63. N5b4 g4 64. hxg4 hxg4 65. Kxg4
Nc3 66. Kf5 Nd1 67. g4 Ne3+ 68. Kf4 Ng2+ 69. Ke4 Nh4 70. g5 Ng6 71. Nd5 Nf8 72.
N5f4 Nd7 73. g6 Nf6+ 74. Kf5 Ne8 75. Kg5 Bd4 76. Kh6 Ke7 77. Nh5 Kf8 78. Nb4
Kg8 79. Nd5 Bb2 80. Kg5 Kf8 81. Ndf6 Bxf6+ 82. Nxf6 Nd6 83. Nd5 Kg7 84. Nf4
Ne4+ 85. Kf5 Nc3 86. Ne6+ Kg8 87. Nd4 b4 88. Nc6 Nd5 89. Ke5 Nc3 90. Nxb4 Kg7
91. Kf5 Nb5 92. Nc6 Nd6+ 93. Ke6 Ne4 94. Ne5 Nc3 95. a3 Kg8 96. Kd7 Kg7 97. Ke7
Nd5+ 98. Ke6 Nc3 99. Kf5 Kg8 100. Nd3 Kg7 101. Ne5 Nd5 102. Kg5 Ne3 103. c3 Nd5
104. c4 1-0

[Event "4th ch-Asia"]
[Site "Doha QAT"]
[Date "2003.03.01"]
[Round "8"]
[White "Hossain, Enam"]
[Black "Kakageldyev, A."]
[Result "1-0"]
[WhiteElo "2451"]
[BlackElo "2469"]
[PlyCount "83"]
[EventDate "2003.02.22"]
[SourceDate "2003.03.03"]

1. e4 e5 2. Nf3 Nc6 3. Bb5 a6 4. Bxc6 dxc6 5. O-O Qe7 6. d4 exd4 7. Nxd4 Bd7 8.
Nc3 O-O-O 9. Qf3 h5 10. Nb3 g6 11. Be3 Bg7 12. Bd4 Bxd4 13. Nxd4 Nf6 14. Qe2 h4
15. Rad1 g5 16. Nb3 Qe5 17. f3 Be6 18. Qf2 b6 19. Nc1 Bc4 20. Nd3 Bxd3 21. cxd3
c5 22. f4 gxf4 23. Qxf4 Qd4+ 24. Rf2 Nd7 25. Nd5 Ne5 26. Kh1 Rd6 27. Rff1 Kb7
28. h3 Rhd8 29. Rd2 R8d7 30. b3 a5 31. Nf6 Rd8 32. Qxh4 Nxd3 33. Ng4 Qxe4 34.
Rxf7 Nf4 35. Rf2 Rd1+ 36. Kh2 Ng6 37. Qh7 Qb1 38. Rxc7+ Ka6 39. Ra7+ Kb5 40.
Rxa5+ Kb4 41. Ra4+ Kc3 42. Rc4+ 1-0

[Event "4th ch-Asia"]
[Site "Doha QAT"]
[Date "2003.03.01"]
[Round "8"]
[White "Altanoch, G."]
[Black "Wu Shaobin"]
[Result "0-1"]
[WhiteElo "2284"]
[BlackElo "2545"]
[PlyCount "72"]
[EventDate "2003.02.22"]
[SourceDate "2003.03.03"]

1. d4 Nf6 2. c4 e6 3. Nc3 Bb4 4. e3 O-O 5. Bd3 d5 6. cxd5 exd5 7. Nge2 c6 8.
O-O Nbd7 9. Ng3 Re8 10. a3 Bd6 11. b4 a6 12. Rb1 Nf8 13. a4 Ng4 14. Qf3 Nxh2
15. Qh5 Nxf1 16. Nxf1 Qe7 17. b5 axb5 18. axb5 g6 19. Qh6 f5 20. g4 fxg4 21. e4
Be6 22. e5 Ba3 23. Bg5 Qf7 24. Ne2 c5 25. Nf4 c4 26. Bc2 Be7 27. Ne3 Ra2 28.
Kg2 Rxc2 29. Bxe7 Rxe7 30. Nxc2 Qf5 31. Rb2 Rf7 32. Ra2 Qe4+ 33. Kg1 Rxf4 34.
Ra1 g3 35. fxg3 Rf3 36. Qh2 Qd3 0-1

[Event "4th ch-Asia"]
[Site "Doha QAT"]
[Date "2003.03.01"]
[Round "8"]
[White "Al Tamimi, H."]
[Black "Kostenko, P."]
[Result "0-1"]
[WhiteElo "2182"]
[BlackElo "2497"]
[PlyCount "56"]
[EventDate "2003.02.22"]
[SourceDate "2003.03.03"]

1. e4 e5 2. Nf3 Nc6 3. Bc4 Nf6 4. d3 h6 5. c3 d6 6. Bb3 g6 7. Nbd2 Bg7 8. O-O
O-O 9. Re1 Kh8 10. Nf1 Nh7 11. Ng3 Qe7 12. Be3 f5 13. exf5 gxf5 14. Nh5 f4 15.
Bxf4 Bg4 16. Nxe5 Bxh5 17. Qxh5 Nxe5 18. Bxh6 Bxh6 19. Qxh6 Rf6 20. Qh5 Qg7 21.
Re3 Rg6 22. Rg3 Rxg3 23. hxg3 Nxd3 24. Rd1 Ne5 25. Rd4 Qg6 26. Qh3 Re8 27. Rh4
Kg7 28. f4 Qb1+ 0-1

[Event "4th ch-Asia"]
[Site "Doha QAT"]
[Date "2003.03.01"]
[Round "8"]
[White "Sharavdorj, D."]
[Black "Al Zendani, Z."]
[Result "1/2-1/2"]
[WhiteElo "2438"]
[BlackElo "2313"]
[PlyCount "133"]
[EventDate "2003.02.22"]
[SourceDate "2003.03.03"]

1. d4 d5 2. Nf3 c6 3. c4 Nf6 4. Nc3 dxc4 5. a4 Bf5 6. Ne5 e6 7. f3 h6 8. e4 Bh7
9. Bxc4 Nfd7 10. Ng4 Nb6 11. Be2 a5 12. O-O Bb4 13. Be3 N8d7 14. Qb3 O-O 15.
Rfd1 Qe7 16. Nf2 f5 17. Na2 f4 18. Bc1 Bd6 19. Nc3 Kh8 20. Bd2 e5 21. dxe5 Bc5
22. Be1 Bg8 23. Qc2 Nxe5 24. b3 g5 25. Kh1 h5 26. Nd3 Nxd3 27. Rxd3 Nd7 28. Nd1
Ne5 29. Bc3 Kh7 30. Bxe5 Qxe5 31. Nb2 Bd4 32. Rb1 Bxb2 33. Rxb2 Rad8 34. Rb1
Rxd3 35. Qxd3 Be6 36. h3 Kg7 37. Qd1 Rf7 38. Qd8 g4 39. Qe8 Rf8 40. Qe7+ Rf7
41. Qd8 g3 42. Bc4 Bxc4 43. bxc4 Rf8 44. Rxb7+ Kg6 45. Qd1 Rd8 46. Qf1 Rd2 47.
Rb1 Qd4 48. c5 Qf2 49. Qg1 Qxg1+ 50. Kxg1 Kf6 51. Kf1 Rf2+ 52. Kg1 Rc2 53. Kf1
Rxc5 54. Rb2 Rc4 55. Ra2 Ke5 56. Ke2 Rc1 57. Kd3 Rd1+ 58. Kc4 Kd6 59. Re2 Rc1+
60. Kb3 Rf1 61. Kc4 Ke5 62. Rc2 Rf2 63. Kd3 Rxc2 64. Kxc2 Kd4 65. h4 Kc4 66.
Kd2 Kd4 67. Kc2 1/2-1/2

[Event "4th ch-Asia"]
[Site "Doha QAT"]
[Date "2003.03.01"]
[Round "8"]
[White "Aliev, K."]
[Black "Janahi, Z."]
[Result "1-0"]
[WhiteElo "2317"]
[BlackElo "2245"]
[PlyCount "81"]
[EventDate "2003.02.22"]
[SourceDate "2003.03.03"]

1. d4 d5 2. c4 e6 3. Nc3 c6 4. e3 f5 5. Bd3 Nf6 6. Nge2 Bd6 7. Qc2 Ne4 8. O-O
O-O 9. f3 Nxc3 10. bxc3 Nd7 11. Bd2 Qe7 12. e4 g6 13. Rae1 Qf7 14. Bh6 Rd8 15.
Bg5 Rf8 16. cxd5 cxd5 17. exd5 exd5 18. c4 b6 19. Bf4 Qf6 20. Bxd6 Qxd6 21. Nc3
Nf6 22. Nb5 Qd7 23. c5 Bb7 24. Nd6 Ne8 25. Bb5 Bc6 26. Qa4 Bxb5 27. Qxb5 Qxb5
28. Nxb5 a6 29. Nc3 bxc5 30. dxc5 Rc8 31. Na4 Kf7 32. Rb1 Rc6 33. Rb6 Rxb6 34.
cxb6 Nd6 35. Rd1 Rb8 36. Rxd5 Nc4 37. Rd7+ Kf6 38. Rc7 Nd6 39. Ra7 Rb7 40. Rxa6
Nc8 41. Nc5 1-0

[Event "4th ch-Asia"]
[Site "Doha QAT"]
[Date "2003.03.01"]
[Round "8"]
[White "Annaberdiev, M."]
[Black "De Silva, N."]
[Result "1-0"]
[WhiteElo "2405"]
[BlackElo "2243"]
[PlyCount "53"]
[EventDate "2003.02.22"]
[SourceDate "2003.03.03"]

1. d4 Nf6 2. Nf3 c5 3. d5 e6 4. Nc3 d6 5. e4 Be7 6. Bb5+ Kf8 7. a4 e5 8. O-O
Bg4 9. Be2 h6 10. Nd2 Bxe2 11. Qxe2 Nbd7 12. Nc4 g5 13. Ra2 a6 14. a5 b5 15.
axb6 Nxb6 16. Ne3 Qc8 17. Bd2 c4 18. Na4 Nfd7 19. Nxb6 Nxb6 20. Ba5 Bd8 21.
Rfa1 Qc5 22. c3 Qb5 23. Bb4 Be7 24. Ra5 Qd7 25. Rxa6 Rxa6 26. Rxa6 Qb7 27. Ra1
1-0

[Event "4th ch-Asia"]
[Site "Doha QAT"]
[Date "2003.03.01"]
[Round "8"]
[White "Mohammadi, H."]
[Black "Nezad, H."]
[Result "1-0"]
[WhiteElo "2250"]
[BlackElo "2334"]
[PlyCount "199"]
[EventDate "2003.02.22"]
[SourceDate "2003.03.03"]

1. e4 c6 2. d4 d5 3. e5 Bf5 4. Nf3 e6 5. a3 Nd7 6. Nbd2 h6 7. c4 Ne7 8. c5 Bh7
9. b4 Nf5 10. Nb3 Be7 11. Bd3 O-O 12. O-O Nh4 13. Bxh7+ Kxh7 14. Nxh4 Bxh4 15.
f4 f5 16. Qd3 a6 17. Bd2 Qe8 18. a4 Rf7 19. Rfb1 Nf8 20. b5 axb5 21. axb5 Rb8
22. Ra4 Bd8 23. Nc1 Bc7 24. b6 Bd8 25. Rba1 Be7 26. Qa3 Nd7 27. Qa2 g5 28. Nd3
Rf8 29. Qc2 Qh5 30. Qd1 Qg6 31. Be3 Rg8 32. R1a2 Kg7 33. Ra7 Kf7 34. Qf3 Rh8
35. R2a4 Rhg8 36. Kh1 Rgc8 37. Nb4 Nf8 38. Ra3 Nh7 39. Nd3 Rg8 40. Ra2 Rgf8 41.
Kg1 Rg8 42. R2a3 Rgf8 43. Ra1 Rg8 44. Qe2 Rgf8 45. Kh1 Rg8 46. Nc1 Rgd8 47. Nb3
Ke8 48. R1a2 gxf4 49. Bxf4 Ng5 50. Qe3 Qh5 51. Ra1 Qg4 52. Nd2 Rd7 53. Nb3 Rdd8
54. Nd2 Kf7 55. Nb3 Ke8 56. Rf1 Qh5 57. Nc1 Kf7 58. Nb3 Rd7 59. Na5 Ke8 60. Kg1
Bf8 61. Qd3 Rg7 62. Kh1 Ne4 63. Qf3 Qg6 64. Nb3 Rd7 65. Kg1 Rg7 66. Kh1 h5 67.
Rfa1 Rd7 68. Ra8 Rdd8 69. Rxb8 Rxb8 70. Ra7 Kd8 71. Na5 Kc8 72. Be3 Nc3 73. Nb3
Nb5 74. Ra1 Be7 75. Qf4 Kd7 76. Qh6 Qg4 77. Qf4 Qe2 78. Qf3 Qb2 79. Bg1 Rg8 80.
Rf1 h4 81. Rf2 Qb1 82. Rf1 Qc2 83. Rf2 Qe4 84. Re2 Qb1 85. Nd2 Qa1 86. Nb3 Qb1
87. Nd2 Qb4 88. Qd3 Ra8 89. Nf3 Ra1 90. Qe3 Nc3 91. Re1 Ra2 92. Rf1 Ne4 93. Ne1
Qb2 94. Qd3 Bg5 95. Qh3 Bd2 96. Rxf5 exf5 97. Qxf5+ Ke8 98. Qg6+ Kf8 99. e6 Ke7
100. Qf7+ 1-0

[Event "4th ch-Asia"]
[Site "Doha QAT"]
[Date "2003.03.01"]
[Round "8"]
[White "Kayle, C."]
[Black "Issa, R."]
[Result "0-1"]
[WhiteElo "2063"]
[BlackElo "2331"]
[PlyCount "100"]
[EventDate "2003.02.22"]
[SourceDate "2003.03.03"]

1. d4 Nf6 2. c4 c5 3. d5 e6 4. Nc3 exd5 5. cxd5 g6 6. e4 d6 7. f4 Bg7 8. Nf3
O-O 9. Be2 Nbd7 10. O-O Re8 11. Nd2 a6 12. a4 b6 13. Bf3 Rb8 14. Nc4 Qc7 15. e5
dxe5 16. d6 Qd8 17. fxe5 Nxe5 18. Nxe5 Rxe5 19. Bf4 Rf5 20. Qd2 Nh5 21. Bxh5
Rxh5 22. Rae1 Be6 23. Ne4 h6 24. Kh1 Rd5 25. Qe3 Kh7 26. Nc3 Rf5 27. Qg3 Qd7
28. Be3 Be5 29. Bf4 Bg7 30. Be3 Re8 31. Rxf5 Bxf5 32. Nd5 Re6 33. Nxb6 Qxd6 34.
Qxd6 Rxd6 35. a5 Re6 36. Bf2 Rxe1+ 37. Bxe1 Bxb2 38. h3 Be6 39. Kh2 Bb3 40. Nd7
c4 41. Kg3 c3 42. Nc5 Bd1 43. Nd3 Be2 44. Nb4 f5 45. Kf2 Bc4 46. Ke3 g5 47. Nc2
Bd5 48. Kd4 Bxg2 49. Bxc3 Bxc3+ 50. Kxc3 Bxh3 0-1

[Event "4th ch-Asia"]
[Site "Doha QAT"]
[Date "2003.03.01"]
[Round "8"]
[White "Ahmed, SN."]
[Black "Saleh, Nab"]
[Result "1-0"]
[WhiteElo "2309"]
[BlackElo "2324"]
[PlyCount "97"]
[EventDate "2003.02.22"]
[SourceDate "2003.03.03"]

1. e4 c6 2. d4 d5 3. exd5 cxd5 4. c4 Nf6 5. Nc3 e6 6. Nf3 Bb4 7. cxd5 Nxd5 8.
Qc2 Nc6 9. Bd3 h6 10. O-O O-O 11. a3 Bd6 12. Qe2 Nce7 13. Bc2 Bd7 14. Ne5 Bxe5
15. Qxe5 Nc6 16. Qe4 Nf6 17. Qd3 Ne7 18. Bf4 Bc6 19. Be5 Ng6 20. Qg3 Nxe5 21.
dxe5 Nd7 22. h4 Re8 23. Rad1 Qc7 24. Rfe1 Rad8 25. Rd4 f5 26. Rd6 Nb6 27. Bb3
Qf7 28. Bxe6 Rxe6 29. Rxd8+ Kh7 30. Rd6 Re8 31. b4 Nc4 32. Rd4 Nxa3 33. Qd3 a6
34. Rf4 Rf8 35. Re3 Nb5 36. Nxb5 axb5 37. Qd6 Ra8 38. Kh2 Re8 39. Rg3 Kh8 40.
Qd4 Qh5 41. e6 Re7 42. Qd8+ Re8 43. Qc7 Rg8 44. Qf7 g6 45. Qf6+ Kh7 46. Rd4 Rg7
47. Rd8 g5 48. Qxf5+ Rg6 49. Qf7+ 1-0

[Event "4th ch-Asia"]
[Site "Doha QAT"]
[Date "2003.03.01"]
[Round "8"]
[White "Hilwani, T."]
[Black "Turpanov, M."]
[Result "1-0"]
[WhiteElo "2291"]
[BlackElo "2351"]
[PlyCount "65"]
[EventDate "2003.02.22"]
[SourceDate "2003.03.03"]

1. d4 d5 2. c4 c6 3. Nc3 Nf6 4. Nf3 dxc4 5. a4 Bg4 6. Ne5 Bh5 7. f3 Nfd7 8.
Nxc4 e5 9. g3 Bb4 10. dxe5 O-O 11. Bh3 Qe7 12. Bf4 Rd8 13. Qc1 b5 14. axb5 cxb5
15. Ne3 Nxe5 16. O-O Bxc3 17. Qxc3 Nbc6 18. Nf5 Qe8 19. Bxe5 Nxe5 20. f4 g6 21.
Nh6+ Kg7 22. fxe5 Kxh6 23. g4 Rd5 24. g5+ Kg7 25. e6+ f6 26. Qxf6+ Kg8 27. e7
Rf5 28. Bxf5 gxf5 29. Rxf5 Bg6 30. Raf1 Bxf5 31. Rxf5 Rc8 32. Qe6+ Kg7 33. Qh6+
1-0

[Event "4th ch-Asia"]
[Site "Doha QAT"]
[Date "2003.03.02"]
[Round "9"]
[White "Sasikiran, K."]
[Black "Sadvakasov, D."]
[Result "1-0"]
[WhiteElo "2664"]
[BlackElo "2523"]
[PlyCount "85"]
[EventDate "2003.02.22"]
[SourceDate "2003.03.03"]

1. Nf3 Nf6 2. c4 b6 3. g3 Bb7 4. d4 Bxf3 5. exf3 d5 6. Nc3 e6 7. f4 c6 8. f5
exf5 9. Bg5 Bb4 10. Qe2+ Kf8 11. Bg2 h6 12. Bxf6 Qxf6 13. O-O Bxc3 14. bxc3
dxc4 15. Qxc4 f4 16. Rfe1 f3 17. Bh3 g6 18. Re4 b5 19. Qd3 Kg7 20. Rf4 Qd6 21.
Qxf3 Rf8 22. Bg2 a5 23. Re1 Ra7 24. h4 Re7 25. Rxe7 Qxe7 26. d5 c5 27. Qd3 b4
28. cxb4 axb4 29. d6 Qe6 30. Qd2 f5 31. Rf3 Rd8 32. Rd3 Qf6 33. Rd5 Nd7 34. h5
Qa1+ 35. Bf1 Re8 36. hxg6 Re5 37. Kg2 Kxg6 38. Bb5 Rxd5 39. Qxd5 Nf6 40. Qe6
Qd4 41. d7 Kg5 42. f4+ Kg6 43. Qe8+ 1-0

[Event "4th ch-Asia"]
[Site "Doha QAT"]
[Date "2003.03.02"]
[Round "9"]
[White "Dao Thien Hai"]
[Black "Neelotpal, D."]
[Result "1/2-1/2"]
[WhiteElo "2560"]
[BlackElo "2406"]
[PlyCount "47"]
[EventDate "2003.02.22"]
[SourceDate "2003.03.03"]

1. d4 d5 2. c4 c6 3. Nf3 Nf6 4. Nc3 a6 5. e3 b5 6. b3 Bg4 7. Be2 e6 8. O-O Bd6
9. h3 Bh5 10. Bb2 Nbd7 11. Rc1 Qb8 12. Rc2 O-O 13. Ng5 Bg6 14. Bd3 b4 15. Na4
Ne4 16. Nxe4 dxe4 17. Be2 Qd8 18. Bh5 Bf5 19. Bg4 Bxg4 20. Qxg4 f5 21. Qe2 Qg5
22. f4 exf3 23. Qxf3 Nf6 24. Nb6 1/2-1/2

[Event "4th ch-Asia"]
[Site "Doha QAT"]
[Date "2003.03.02"]
[Round "9"]
[White "Safin, S."]
[Black "Bakre, T."]
[Result "1/2-1/2"]
[WhiteElo "2529"]
[BlackElo "2464"]
[PlyCount "47"]
[EventDate "2003.02.22"]
[SourceDate "2003.03.03"]

1. d4 Nf6 2. c4 e6 3. Nc3 Bb4 4. e3 c5 5. Nge2 d5 6. a3 Ba5 7. dxc5 dxc4 8.
Qxd8+ Bxd8 9. Nd4 Nbd7 10. Bxc4 Nxc5 11. f3 a6 12. Ke2 e5 13. Nb3 Be6 14. Bxe6
Nxe6 15. Bd2 Bc7 16. Rac1 O-O-O 17. Rhd1 Kb8 18. Be1 Rxd1 19. Rxd1 Rd8 20.
Rxd8+ Bxd8 21. Bh4 Kc8 22. Bxf6 Bxf6 23. Nd5 Bd8 24. Kd3 1/2-1/2

[Event "4th ch-Asia"]
[Site "Doha QAT"]
[Date "2003.03.02"]
[Round "9"]
[White "Iuldachev, S."]
[Black "Barsov, A."]
[Result "0-1"]
[WhiteElo "2487"]
[BlackElo "2525"]
[PlyCount "64"]
[EventDate "2003.02.22"]
[SourceDate "2003.03.03"]

1. e4 e6 2. Qe2 c5 3. Nf3 Nc6 4. c3 d5 5. exd5 Qxd5 6. g3 b6 7. Bg2 Bb7 8. O-O
O-O-O 9. Na3 Qd3 10. Qxd3 Rxd3 11. Nc4 Nh6 12. Nfe5 Nxe5 13. Nxe5 Bxg2 14. Kxg2
Rd5 15. d4 cxd4 16. cxd4 f6 17. Nf3 Nf5 18. Be3 h5 19. Rac1+ Kd7 20. Rfd1 Bd6
21. Rd3 Rc8 22. Rdc3 Rxc3 23. bxc3 Ra5 24. Rc2 b5 25. Kf1 Ne7 26. Ke2 Nd5 27.
Bd2 Ra3 28. Kd1 b4 29. c4 Rxf3 30. cxd5 Rxf2 31. dxe6+ Kxe6 32. Rc6 Kd5 0-1

[Event "4th ch-Asia"]
[Site "Doha QAT"]
[Date "2003.03.02"]
[Round "9"]
[White "Torre, E."]
[Black "Kadhi, H."]
[Result "0-1"]
[WhiteElo "2519"]
[BlackElo "2334"]
[PlyCount "84"]
[EventDate "2003.02.22"]
[SourceDate "2003.03.03"]

1. e4 e6 2. d4 d5 3. e5 c5 4. c3 Nc6 5. Nf3 Qb6 6. a3 Nh6 7. b4 cxd4 8. cxd4
Nf5 9. Be3 f6 10. exf6 gxf6 11. Nc3 Rg8 12. Rc1 a5 13. b5 Nxe3 14. fxe3 Ne7 15.
Nh4 Ng6 16. Nxg6 Rxg6 17. a4 Bb4 18. Kf2 Rg7 19. Bd3 Bd7 20. Rf1 Ke7 21. Kg1
Rag8 22. Rf2 f5 23. Ne2 Bd6 24. Rc2 Qd8 25. Nf4 Qe8 26. Be2 Qb8 27. Qc1 Rc8 28.
Bf3 Rgg8 29. Bh5 Rgd8 30. Rfe2 Bxf4 31. exf4 Qd6 32. Qe3 Qb4 33. h3 Qb1+ 34.
Kh2 Rxc2 35. Qa3+ Qb4 36. Qxb4+ axb4 37. Rxc2 Ra8 38. Rb2 Rxa4 39. Be2 Kd6 40.
g4 fxg4 41. hxg4 b3 42. Rxb3 Ra2 0-1

[Event "4th ch-Asia"]
[Site "Doha QAT"]
[Date "2003.03.02"]
[Round "9"]
[White "Kayumov, S."]
[Black "Kunte, A."]
[Result "1/2-1/2"]
[WhiteElo "2479"]
[BlackElo "2507"]
[PlyCount "127"]
[EventDate "2003.02.22"]
[SourceDate "2003.03.03"]

1. e4 c5 2. Nf3 e6 3. d4 cxd4 4. Nxd4 Nf6 5. Nc3 d6 6. g4 h6 7. h3 Nc6 8. Be3
Bd7 9. f4 a6 10. Qd2 g5 11. fxg5 hxg5 12. Nxc6 Bxc6 13. Bxg5 Be7 14. Bg2 Nh7
15. Bxe7 Qxe7 16. O-O-O O-O-O 17. Rhe1 Qg5 18. Re3 Kb8 19. a4 f5 20. gxf5 exf5
21. Rd3 Rhe8 22. Qxg5 Nxg5 23. exf5 Bxg2 24. Rg3 Bxh3 25. Rxg5 Re5 26. Rd5 Rf8
27. Rxe5 dxe5 28. f6 Rxf6 29. Rxe5 Bg2 30. b3 Kc7 31. Rg5 Bc6 32. Kb2 Rf2 33.
a5 Kd6 34. Rh5 Rf6 35. Na2 Rf2 36. Rh6+ Kc5 37. Nc3 Rg2 38. Rf6 Rh2 39. Rf4 Rh5
40. Rc4+ Kd6 41. b4 Rh2 42. Rd4+ Ke5 43. Rd8 Rh4 44. Kb3 Rh3 45. Rd2 Rh4 46.
Rd3 Rh2 47. Re3+ Kd6 48. Rd3+ Ke6 49. Rd1 Ke7 50. Nd5+ Kd6 51. Nf4+ Ke7 52. Nd3
Rh3 53. Kc4 Rh2 54. c3 Kd6 55. Nc5+ Ke5 56. Re1+ Kd6 57. Re6+ Kc7 58. Re7+ Kb8
59. Re5 Rh4+ 60. Kb3 Rh3 61. Rg5 Kc7 62. Ne6+ Kd6 63. Nf4 Rf3 64. Ne2 1/2-1/2

[Event "4th ch-Asia"]
[Site "Doha QAT"]
[Date "2003.03.02"]
[Round "9"]
[White "Paragua, M."]
[Black "Ganguly, S."]
[Result "0-1"]
[WhiteElo "2506"]
[BlackElo "2556"]
[PlyCount "180"]
[EventDate "2003.02.22"]
[SourceDate "2003.03.03"]

1. d4 Nf6 2. Nf3 g6 3. Nc3 d5 4. Bf4 Bg7 5. e3 O-O 6. Be2 c6 7. h4 Qb6 8. Rb1
c5 9. Be5 Be6 10. dxc5 Qxc5 11. Bd4 Qc7 12. h5 Nc6 13. hxg6 hxg6 14. Nb5 Qd8
15. Bc3 Bg4 16. Bxf6 Bxf6 17. c3 e5 18. Nh2 Bf5 19. Bd3 Bxd3 20. Qxd3 a6 21.
Na3 e4 22. Qe2 Ne5 23. Rd1 Nd3+ 24. Rxd3 exd3 25. Qxd3 Qd7 26. O-O Kg7 27. Rd1
Qe6 28. Nc2 Rh8 29. Nf1 Rad8 30. Nb4 Rh5 31. Qe2 Be5 32. Nd3 Rdh8 33. f4 Rh1+
34. Kf2 Bd6 35. Qf3 Rd8 36. Ke2 Rhh8 37. Nd2 b6 38. Nb3 Qe4 39. Nf2 Qxf3+ 40.
Kxf3 Be7 41. Nd3 a5 42. a4 Bf6 43. Nf2 Rhe8 44. Nc1 Re6 45. Ne2 Rc6 46. Ng4 Rc4
47. b3 Rcc8 48. Rd3 Rc5 49. Ne5 Bxe5 50. fxe5 Rdc8 51. b4 Rc4 52. Rxd5 axb4 53.
cxb4 Rxb4 54. Rd7 Re8 55. Rd4 Rxd4 56. exd4 f6 57. exf6+ Kxf6 58. Nf4 Kf7 59.
Nd3 Ra8 60. Nb2 Rc8 61. Nd3 Ke6 62. Ke4 g5 63. Ne5 Rc1 64. d5+ Kd6 65. Nf7+ Kc5
66. d6 Kc6 67. Kf5 Kd7 68. Nxg5 Kxd6 69. Ne4+ Ke7 70. Ke5 Rc4 71. Nf6 Rc5+ 72.
Nd5+ Kd7 73. Kd4 Kc6 74. Nb4+ Kd6 75. g4 Ra5 76. Kc4 Rg5 77. Nd3 Rxg4+ 78. Kb5
Kc7 79. Nb4 Rg5+ 80. Kc4 Rc5+ 81. Kb3 Kb7 82. Nd3 Rh5 83. Kb4 Kc6 84. Kb3 Rh4
85. Nb4+ Kc5 86. Na6+ Kd5 87. Nb4+ Kd4 88. a5 bxa5 89. Nc6+ Kc5 90. Nxa5 Kb5
0-1

[Event "4th ch-Asia"]
[Site "Doha QAT"]
[Date "2003.03.02"]
[Round "9"]
[White "Hossain, Enam"]
[Black "Kotsur, P."]
[Result "1-0"]
[WhiteElo "2451"]
[BlackElo "2586"]
[PlyCount "141"]
[EventDate "2003.02.22"]
[SourceDate "2003.03.03"]

1. e4 c5 2. Nf3 e6 3. d4 cxd4 4. Nxd4 a6 5. Nc3 b5 6. Bd3 d6 7. O-O Nf6 8. a3
Be7 9. Kh1 Qc7 10. Qe2 Nbd7 11. f4 Bb7 12. Bd2 O-O 13. b4 Rfd8 14. a4 bxa4 15.
Nxa4 d5 16. e5 Ne4 17. Be1 Nf8 18. Rd1 f6 19. exf6 Bxf6 20. Nb3 Be7 21. Bxe4
dxe4 22. Rxd8 Rxd8 23. Nac5 Qb6 24. b5 Bxc5 25. Ba5 Qxb5 26. Qxb5 axb5 27. Bxd8
Be3 28. Ba5 Ng6 29. f5 Nf4 30. g3 Bf2 31. Rxf2 e3+ 32. Kg1 Nh3+ 33. Kf1 exf2
34. fxe6 b4 35. Nd2 g5 36. Bxb4 g4 37. Bc5 Bd5 38. Bxf2 Bxe6 39. Be3 Kf7 40.
Ke2 Kf6 41. c4 Ke5 42. Kd3 Bf7 43. Kc3 Be8 44. Kb4 Kd6 45. Ka5 Kc6 46. Nb3 Bf7
47. Kb4 Be8 48. Kc3 Kd6 49. Kd4 Bc6 50. Nd2 Bg2 51. c5+ Ke6 52. Nc4 Bf3 53. Nb6
Bc6 54. Nc4 Bf3 55. Na3 Bc6 56. Nb1 Kf5 57. Nc3 Ke6 58. Kc4 Ke5 59. Kb4 h6 60.
Ka5 Ng5 61. Bxg5 hxg5 62. Kb6 Be8 63. Nb5 Bf7 64. c6 Be6 65. c7 Ke4 66. Kc6 Ke3
67. Kd6 Bc8 68. Na7 Bb7 69. c8=Q Bxc8 70. Nxc8 Kf2 71. Ke5 1-0

[Event "4th ch-Asia"]
[Site "Doha QAT"]
[Date "2003.03.02"]
[Round "9"]
[White "Rahman, Zia"]
[Black "Sadykov, R."]
[Result "1-0"]
[WhiteElo "2542"]
[BlackElo "2412"]
[PlyCount "95"]
[EventDate "2003.02.22"]
[SourceDate "2003.03.03"]

1. Nf3 d5 2. d4 Nf6 3. c4 c6 4. e3 Bg4 5. h3 Bxf3 6. Qxf3 e6 7. Nc3 Nbd7 8. Bd3
Bd6 9. O-O O-O 10. Rd1 Qe7 11. Bd2 Rfe8 12. cxd5 exd5 13. a3 Ne4 14. Rab1 Ndf6
15. Be1 a5 16. Rbc1 Bc7 17. g3 Ng5 18. Qg2 Qd7 19. h4 Nge4 20. f3 Nxc3 21. Rxc3
Re7 22. Bf2 Rae8 23. g4 Qd6 24. Qh3 Bb8 25. Rdc1 Nd7 26. Kg2 Nf8 27. g5 Ne6 28.
Bf5 Qd8 29. Qg4 Qb6 30. R1c2 Qc7 31. Qh3 Qb6 32. Kh1 Bd6 33. Bg1 Rc7 34. Bxe6
Rxe6 35. e4 Qb5 36. e5 Bf8 37. f4 Re8 38. h5 c5 39. Qf3 Rd8 40. f5 Qe8 41. f6
Rc6 42. Rf2 cxd4 43. Rxc6 bxc6 44. g6 Qxe5 45. gxf7+ Kh8 46. fxg7+ Kxg7 47.
Qg4+ Kh6 48. Re2 1-0

[Event "4th ch-Asia"]
[Site "Doha QAT"]
[Date "2003.03.02"]
[Round "9"]
[White "Abu Sufian, S."]
[Black "Zagrebelny, S."]
[Result "0-1"]
[WhiteElo "2226"]
[BlackElo "2540"]
[PlyCount "58"]
[EventDate "2003.02.22"]
[SourceDate "2003.03.03"]

1. e4 c5 2. Nc3 d6 3. g3 g6 4. Bg2 Bg7 5. d3 Nc6 6. f4 e6 7. Nf3 Nge7 8. O-O
O-O 9. Be3 Rb8 10. Rb1 Nd4 11. Ne2 e5 12. c3 Ne6 13. Qd2 b6 14. Rbd1 Bb7 15. f5
gxf5 16. Nh4 fxe4 17. dxe4 Ba6 18. Rf2 Nc7 19. Qxd6 Qxd6 20. Rxd6 Rbd8 21. Rd2
Rxd2 22. Bxd2 Rd8 23. Nc1 Ne8 24. Nf5 Nxf5 25. exf5 Nd6 26. g4 Nc4 27. Bf1 Nxd2
28. Bxa6 Bh6 29. Nb3 Be3 0-1